[Event "KGZ-ch (Women)"]
[Site "Bishkek"]
[Date "2023.05.06"]
[Round "9"]
[White "Zairbek Kyzy, Begimay"]
[Black "Sovetbekova, Nurai"]
[Result "0-1"]
[WhiteElo "1891"]
[BlackElo "1764"]
[PlyCount "144"]
[EventDate "2023.04.28"]
[EventType "tourn"]
[EventRounds "11"]
[EventCountry "KGZ"]
[SourceTitle "CBM 214 Extra"]
[Source "ChessBase"]
[SourceDate "2023.07.31"]
[SourceVersion "1"]
[SourceVersionDate "2023.07.31"]
[SourceQuality "1"]

1. e4 c5 2. c3 Nf6 3. e5 Nd5 4. d4 cxd4 5. Nf3 Nc6 6. Bc4 Nb6 7. Bb5 a6 8. Bxc6 dxc6 9. cxd4 Bg4 10. Be3 e6 11. 0-0 Be7 12. h3 Bh5 13. Nbd2 0-0 14. Rc1 Qd7 15. Qb3 Nd5 16. Ne4 Rfd8 17. Nfd2 Bg6 18. Nc5 Bxc5 19. Rxc5 b6 20. Rcc1 b5 21. Rc5 Rac8 22. Rfc1 Nb6 23. Rd1 Na4 24. Rcc1 Nb6 25. Qa3 Qb7 26. Nb3 Nc4 27. Nc5 Qa7 28. Qc3 a5 29. b3 Nb6 30. Bg5 Rd5 31. Qf3 h6 32. Be3 Nd7 33. Ne4 Bxe4 34. Qxe4 Nb6 35. Qg4 Kh7 36. f4 Qd7 37. Rf1 g6 38. f5 exf5 39. Qh4 h5 40. Qg5 Qd8 41. Qh6+ Kg8 42. Rf3 Qf8 43. Qg5 Qg7 44. Rcf1 Nd7 45. Rg3 Nf8 46. Qh4 c5 47. Rxf5 cxd4 48. Qe4 Rd7 49. Bd2 d3 50. Rf2 Rc5 51. Re3 Rdd5 52. Bc3 Ne6 53. Rxd3 Rxd3 54. Qxd3 b4 55. Bb2 Qf8 56. a3 Qc8 57. Qe4 Qb8 58. axb4 axb4 59. Rf1 Qb6 60. Kh1 Ra5 61. Rc1 Rc5 62. Rd1 Rc7 63. Bc1 Qf2 64. Be3 Qc2 65. Qa8+ Rc8 66. Qf3 Qc7 67. Rd6 Ng7 68. Bg5 Nf5 69. Rd5 Qc3 70. Qd1 Qc7 71. Qd2 Ng3+ 72. Kh2 Nf1+ 0-1

[Event "KGZ-ch (Women)"]
[Site "Bishkek"]
[Date "2023.05.05"]
[Round "8"]
[White "Sezdbekova, Aizhan"]
[Black "Zairbek Kyzy, Begimay"]
[Result "0-1"]
[WhiteElo "1622"]
[BlackElo "1891"]
[PlyCount "102"]
[EventDate "2023.04.28"]
[EventType "tourn"]
[EventRounds "11"]
[EventCountry "KGZ"]
[SourceTitle "CBM 214 Extra"]
[Source "ChessBase"]
[SourceDate "2023.07.31"]
[SourceVersion "1"]
[SourceVersionDate "2023.07.31"]
[SourceQuality "1"]

1. e4 c6 2. d4 d5 3. exd5 cxd5 4. Bd3 Nf6 5. c3 Nc6 6. Bf4 g6 7. Nf3 Bg7 8. Qc1 Qb6 9. Nbd2 0-0 10. 0-0 a5 11. Re1 Re8 12. Ne5 Nh5 13. Be3 a4 14. Ndf3 Be6 15. Ng5 Nd8 16. f4 Bc8 17. g4 Nf6 18. f5 Nd7 19. Ngf3 Qa5 20. Bh6 Nxe5 21. dxe5 a3 22. bxa3 Qxa3 23. Qd2 Bd7 24. Bxg7 Kxg7 25. f6+ exf6 26. exf6+ Kxf6 27. Qh6 Rxe1+ 28. Rxe1 Ne6 29. Ne5 Be8 30. Qxh7 Qc5+ 31. Kf1 Rxa2 32. g5+ Ke7 33. Qh4 Qxc3 34. Qg3 Ra1 35. h4 Kd8 36. Rxa1 Qxa1+ 37. Kg2 Qd4 38. Ng4 Qxd3 39. Qb8+ Ke7 40. Nf6 Qe2+ 41. Kg1 Qe3+ 42. Kh1 Qc1+ 43. Kg2 Qc6 44. Qe5 d4+ 45. Kf2 Qc2+ 46. Kg3 Bc6 47. Nd5+ Bxd5 48. Qxd5 Qd3+ 49. Kh2 Qh3+ 50. Kg1 Qg4+ 51. Kf1 Qf5+ 0-1

[Event "KGZ-ch (Women)"]
[Site "Bishkek"]
[Date "2023.04.30"]
[Round "3"]
[White "Omurbekova, Diana"]
[Black "Zairbek Kyzy, Begimay"]
[Result "0-1"]
[WhiteElo "1782"]
[BlackElo "1891"]
[PlyCount "72"]
[EventDate "2023.04.28"]
[EventType "tourn"]
[EventRounds "11"]
[EventCountry "KGZ"]
[SourceTitle "CBM 214 Extra"]
[Source "ChessBase"]
[SourceDate "2023.07.31"]
[SourceVersion "1"]
[SourceVersionDate "2023.07.31"]
[SourceQuality "1"]

1. e4 c6 2. Nc3 d5 3. Nf3 dxe4 4. Nxe4 Nf6 5. Nxf6+ exf6 6. Bc4 Bd6 7. Qe2+ Be7 8. 0-0 0-0 9. d4 Bd6 10. Re1 a5 11. a4 Na6 12. Nh4 Nc7 13. Qh5 Ne6 14. Nf5 Bc7 15. Re4 g6 16. Qh6 gxf5 17. Rh4 Re8 18. Qxh7+ Kf8 19. Bh6+ Ke7 20. Qxf5 Bd6 21. Re1 Kd7 22. d5 cxd5 23. Bxd5 Kc7 24. Qf3 Kb8 25. Rd1 Qe7 26. Re4 Be5 27. Qe2 Rh8 28. Rxe5 Rxh6 29. Re3 Qc7 30. g3 Ra6 31. Rc3 Qe7 32. Qc4 Rh8 33. Rb3 Rd6 34. Re1 Qd8 35. Bf3 Ng5 36. Be2 Be6 0-1

[Event "Asian Continental op (Women) 19th"]
[Site "Delhi"]
[Date "2022.11.03"]
[Round "9"]
[White "Ishvi, Aggarwal"]
[Black "Zairbek Kyzy, Begimay"]
[Result "1-0"]
[WhiteElo "1964"]
[BlackElo "1930"]
[PlyCount "87"]
[EventDate "2022.10.26"]
[EventType "swiss"]
[EventRounds "9"]
[EventCountry "IND"]
[SourceTitle "EXT 2024"]
[Source "ChessBase"]
[SourceDate "2023.10.10"]
[SourceVersion "1"]
[SourceVersionDate "2023.10.10"]
[SourceQuality "1"]

1. d4 Nf6 2. c4 d6 3. Nf3 g6 4. g3 Bg7 5. Bg2 0-0 6. Nc3 c5 7. 0-0 cxd4 8. Nxd4 Nc6 9. Nxc6 bxc6 10. Bxc6 Rb8 11. b3 Qb6 12. Bg2 Be6 13. Be3 Qa5 14. Bd4 Bxc4 15. bxc4 e5 16. Be3 Qxc3 17. Rc1 Qa3 18. c5 d5 19. c6 d4 20. Bg5 Rbc8 21. Bxf6 Bxf6 22. c7 Qe7 23. Qc2 e4 24. Bh3 e3 25. f4 d3 26. exd3 Bd4 27. Rfe1 Bb6 28. Bxc8 Rxc8 29. Qa4 h5 30. Qe4 Qd7 31. Kg2 Rxc7 32. Rxc7 Qxc7 33. d4 Qc4 34. Rxe3 Bxd4 35. Re2 Qa6 36. Rd2 Bf6 37. a4 h4 38. g4 Qc8 39. f5 Qc3 40. Qd3 Qc6+ 41. Qd5 Qc1 42. fxg6 h3+ 43. Kxh3 Qf1+ 44. Rg2 1-0

[Event "Asian Continental Blitz op (Women) 19th"]
[Site "Delhi"]
[Date "2022.11.03"]
[Round "4"]
[White "Zairbek Kyzy, Begimay"]
[Black "Isha, Sharma"]
[Result "1-0"]
[WhiteElo "1930"]
[BlackElo "2234"]
[PlyCount "45"]
[EventDate "2022.11.03"]
[EventType "swiss (blitz)"]
[EventRounds "9"]
[EventCountry "IND"]
[SourceTitle "EXT 2024"]
[Source "ChessBase"]
[SourceDate "2023.10.10"]
[SourceVersion "1"]
[SourceVersionDate "2023.10.10"]
[SourceQuality "1"]

1. e4 e5 2. Nf3 Nc6 3. Bc4 Bc5 4. b4 Bxb4 5. c3 Ba5 6. d4 exd4 7. 0-0 Qf6 8. e5 Qg6 9. Re1 Nge7 10. Nh4 d5 11. Nxg6 hxg6 12. Bb5 dxc3 13. Qa4 Bd7 14. Bg5 a6 15. Bxc6 Nxc6 16. Na3 Bb6 17. Qd1 Bc5 18. Nc2 d4 19. a3 Bf5 20. Nb4 Nxb4 21. axb4 Bb6 22. Qb3 0-0 23. h3 1-0

[Event "Asian Continental Blitz op (Women) 19th"]
[Site "Delhi"]
[Date "2022.11.03"]
[Round "2"]
[White "Zairbek Kyzy, Begimay"]
[Black "Mrudul, Dehankar"]
[Result "0-1"]
[WhiteElo "1930"]
[BlackElo "2168"]
[PlyCount "92"]
[EventDate "2022.11.03"]
[EventType "swiss (blitz)"]
[EventRounds "9"]
[EventCountry "IND"]
[SourceTitle "EXT 2024"]
[Source "ChessBase"]
[SourceDate "2023.10.10"]
[SourceVersion "1"]
[SourceVersionDate "2023.10.10"]
[SourceQuality "1"]

1. e4 c5 2. d4 cxd4 3. c3 g6 4. cxd4 d5 5. e5 Nc6 6. Nc3 Bg7 7. Be3 Nh6 8. Nf3 Nf5 9. Bd3 0-0 10. 0-0 a6 11. Rc1 Nxe3 12. fxe3 Bh6 13. Qe2 Be6 14. Rcd1 Nb4 15. Bb1 Rc8 16. a3 Nc6 17. Ba2 Na5 18. e4 dxe4 19. Bxe6 fxe6 20. Nxe4 Nc4 21. Nfg5 Qd5 22. Rxf8+ Rxf8 23. Nc3 Qc6 24. h4 Nb6 25. Qg4 Bxg5 26. Qxg5 Nc4 27. d5 Qb6+ 28. Kh1 Qxb2 29. Qxe7 Qxc3 30. Qxe6+ Kh8 31. d6 Qc2 32. Qd5 Ne3 33. Qd2 Qxd1+ 34. Qxd1 Nxd1 35. e6 Kg7 36. e7 Kf7 37. exf8Q+ Kxf8 38. Kg1 Ke8 39. Kf1 Nc3 40. Kf2 Ne4+ 41. Ke3 Nxd6 42. Kf4 Nc4 43. a4 Nb6 44. Kg5 Kf7 45. Kh6 Kg8 46. g4 Nxa4 0-1

[Event "Asian Continental op (Women) 19th"]
[Site "Delhi"]
[Date "2022.10.27"]
[Round "2"]
[White "Zairbek Kyzy, Begimay"]
[Black "Bommini, Mounika Akshaya"]
[Result "1/2-1/2"]
[WhiteElo "1930"]
[BlackElo "2160"]
[PlyCount "116"]
[EventDate "2022.10.26"]
[EventType "swiss"]
[EventRounds "9"]
[EventCountry "IND"]
[SourceTitle "EXT 2024"]
[Source "ChessBase"]
[SourceDate "2023.10.10"]
[SourceVersion "1"]
[SourceVersionDate "2023.10.10"]
[SourceQuality "1"]

1. e4 e5 2. Nf3 Nc6 3. Bc4 Nf6 4. Ng5 d5 5. exd5 Na5 6. Bb5+ c6 7. dxc6 bxc6 8. Bd3 Ng4 9. Ne4 f5 10. Be2 h5 11. h3 fxe4 12. hxg4 Bc5 13. b4 Qd4 14. bxc5 0-0 15. 0-0 Qxa1 16. Nc3 e3 17. gxh5 exf2+ 18. Rxf2 Rxf2 19. Kxf2 Be6 20. Ba3 Rf8+ 21. Ke1 Qxd1+ 22. Bxd1 Rf4 23. d3 Rh4 24. Bf3 Bf7 25. g4 Rh3 26. Kf2 Rh2+ 27. Bg2 Be6 28. Kg3 Rxg2+ 29. Kxg2 Bxg4 30. Ne4 Bxh5 31. Nd6 Bd1 32. Bb4 Bxc2 33. Bxa5 Bxd3 34. Bc3 e4 35. Nc8 Kf7 36. Kf2 Ke6 37. Bxg7 Kd5 38. Bf8 Ba6 39. Nxa7 Bb7 40. Ke3 Ba6 41. Bd6 Bb7 42. Be7 Ba6 43. Kd2 Bb7 44. Kc3 Ba6 45. Kb4 e3 46. Kc3 e2 47. Kd2 Bc4 48. a3 Ba6 49. Bd6 Bb7 50. Kxe2 Kc4 51. Ke3 Kb3 52. Ke4 Kxa3 53. Ke5 Ka4 54. Bc7 Ba6 55. Kd6 Bf1 56. Nxc6 Bg2 57. Bd8 Kb5 58. Bb6 Bxc6 1/2-1/2

[Event "Cheliabinsk Variation-B"]
[Site "Cheliabinsk"]
[Date "2022.04.08"]
[Round "7"]
[White "Saunina, Ludmila"]
[Black "Zairbek Kyzy, Begimay"]
[Result "0-1"]
[WhiteElo "2041"]
[BlackElo "1963"]
[PlyCount "80"]
[EventDate "2022.04.01"]
[EventType "swiss"]
[EventRounds "9"]
[EventCountry "RUS"]
[SourceTitle "CBM 207 Extra"]
[Source "ChessBase"]
[SourceDate "2022.05.31"]
[SourceVersion "1"]
[SourceVersionDate "2022.05.31"]
[SourceQuality "1"]

1. d4 Nf6 2. Nf3 g6 3. e3 Bg7 4. Be2 0-0 5. 0-0 d6 6. c4 c5 7. Nc3 a6 8. e4 cxd4 9. Nxd4 Nc6 10. Be3 Bd7 11. Rc1 Nxd4 12. Bxd4 Bc6 13. f3 a5 14. Nd5 Nd7 15. Bxg7 Kxg7 16. Qd4+ f6 17. Rfd1 Nc5 18. Kh1 a4 19. Qd2 Bxd5 20. cxd5 Qb6 21. Qd4 Qa5 22. f4 b5 23. Rc3 b4 24. Rg3 b3 25. a3 Rac8 26. h4 Nb7 27. Bd3 Qc5 28. Qxa4 Qf2 29. Rf3 Qxb2 30. Qd7 Nc5 31. Qxe7+ Rf7 32. Qxd6 Qd4 33. Bc2 bxc2 34. Rxd4 c1Q+ 35. Kh2 Qe1 36. e5 Ne4 37. e6 Nxd6 38. exf7 Rc1 39. Rdd3 Qh1+ 40. Kg3 Nf5+ 0-1

[Event "Cheliabinsk Variation-B"]
[Site "Cheliabinsk"]
[Date "2022.04.05"]
[Round "5"]
[White "Dobrynina, Aleksandra"]
[Black "Zairbek Kyzy, Begimay"]
[Result "1-0"]
[WhiteElo "2041"]
[BlackElo "1963"]
[PlyCount "175"]
[EventDate "2022.04.01"]
[EventType "swiss"]
[EventRounds "9"]
[EventCountry "RUS"]
[SourceTitle "CBM 207 Extra"]
[Source "ChessBase"]
[SourceDate "2022.05.31"]
[SourceVersion "1"]
[SourceVersionDate "2022.05.31"]
[SourceQuality "1"]

1. d4 Nf6 2. Nf3 g6 3. c4 Bg7 4. Nc3 0-0 5. e4 d6 6. Be2 c5 7. 0-0 cxd4 8. Nxd4 Nc6 9. Be3 Bd7 10. Nc2 Rc8 11. f3 a6 12. Qd2 Be6 13. Rad1 Nd7 14. b3 Qa5 15. Na4 b5 16. Qxa5 Nxa5 17. Nb6 Nxb6 18. Bxb6 Nb7 19. Ne3 bxc4 20. Bxc4 Bxc4 21. Nxc4 Nc5 22. Ba5 f5 23. exf5 gxf5 24. Rfe1 Kf7 25. Rd5 f4 26. Bd2 Ne6 27. Rf5+ Bf6 28. Re4 Kg6 29. Ra5 Bd4+ 30. Kf1 Rf6 31. Rd5 Rc5 32. Rdxd4 Nxd4 33. Rxd4 Rcf5 34. Nb6 Rf7 35. Nd5 Kg7 36. Nxf4 Kf8 37. Ne6+ Ke8 38. Nc7+ Kd7 39. Nxa6 Rf8 40. a4 d5 41. Nc5+ Kc6 42. b4 e5 43. Rh4 h5 44. Ne6 Rg8 45. f4 Kd6 46. Nc5 Rgf8 47. Nd3 d4 48. b5 Kd5 49. g4 hxg4 50. Rxg4 e4 51. Nb4+ Kc4 52. Nc2 Kd3 53. Nxd4 Kxd4 54. Ke2 Rc8 55. Be3+ Kc4 56. Rg5 Rf7 57. b6 Kb3 58. Rc5 Rh8 59. Bg1 Kxa4 60. Rc4+ Kb5 61. Rxe4 Rg7 62. Re5+ Ka6 63. Rg5 Re7+ 64. Kf3 Re1 65. Kg2 Rf8 66. Rg4 Rf5 67. Bf2 Rb1 68. Kf3 Ra5 69. Rg7 Ra3+ 70. Kg4 Kb5 71. Rc7 Ra8 72. b7 Rg8+ 73. Kf5 Rf8+ 74. Kg5 Rg8+ 75. Kf6 Ka6 76. Rc8 Rg2 77. b8Q Rxb8 78. Rxb8 Rxf2 79. f5 Rxh2 80. Ke7 Rh7+ 81. Ke6 Rh2 82. f6 Ka7 83. Rb1 Ka6 84. f7 Re2+ 85. Kd7 Rd2+ 86. Ke8 Re2+ 87. Kf8 Rf2 88. Rg1 1-0

[Event "Cheliabinsk Variation-B"]
[Site "Cheliabinsk"]
[Date "2022.04.04"]
[Round "4"]
[White "Zairbek Kyzy, Begimay"]
[Black "Eidelson, Rakhil"]
[Result "1-0"]
[WhiteElo "1963"]
[BlackElo "1883"]
[PlyCount "77"]
[EventDate "2022.04.01"]
[EventType "swiss"]
[EventRounds "9"]
[EventCountry "RUS"]
[SourceTitle "CBM 207 Extra"]
[Source "ChessBase"]
[SourceDate "2022.05.31"]
[SourceVersion "1"]
[SourceVersionDate "2022.05.31"]
[SourceQuality "1"]

1. e4 c5 2. d3 Nc6 3. g3 g6 4. Bg2 Bg7 5. Ne2 e6 6. 0-0 Nge7 7. c3 d5 8. Nd2 0-0 9. f4 b5 10. g4 f5 11. gxf5 exf5 12. exd5 Nxd5 13. Qb3 Be6 14. Qxb5 Rc8 15. Nb3 Bf7 16. Nxc5 Nde7 17. Kh1 Rb8 18. Qa4 Bd5 19. d4 Bxg2+ 20. Kxg2 Qd5+ 21. Kg1 Nc8 22. Qd1 Re8 23. Nd3 Nd6 24. Ne5 Nc4 25. b3 N4xe5 26. fxe5 Qa5 27. Qd3 Kh8 28. Bg5 h6 29. Bh4 g5 30. Bf2 f4 31. h4 Qd8 32. Qg6 Qd7 33. Kh2 Qg4 34. hxg5 hxg5 35. Nxf4 Qxf4+ 36. Bg3 Qg4 37. Rf7 Rg8 38. Rh1 Qxg3+ 39. Kxg3+ 1-0

[Event "Cheliabinsk Variation-B"]
[Site "Cheliabinsk"]
[Date "2022.04.02"]
[Round "2"]
[White "Zairbek Kyzy, Begimay"]
[Black "Tomilova, Elena"]
[Result "0-1"]
[WhiteElo "1963"]
[BlackElo "2264"]
[PlyCount "108"]
[EventDate "2022.04.01"]
[EventType "swiss"]
[EventRounds "9"]
[EventCountry "RUS"]
[SourceTitle "CBM 207 Extra"]
[Source "ChessBase"]
[SourceDate "2022.05.31"]
[SourceVersion "1"]
[SourceVersionDate "2022.05.31"]
[SourceQuality "1"]

1. e4 c5 2. Nf3 Nc6 3. d3 e6 4. g3 d5 5. Nbd2 g6 6. Bg2 Bg7 7. 0-0 Nf6 8. Re1 0-0 9. c3 a5 10. Qe2 b6 11. Nf1 dxe4 12. dxe4 Ba6 13. Qd2 Qc7 14. Qf4 Qxf4 15. Bxf4 Bd3 16. Ne5 Nxe5 17. Bxe5 Rac8 18. Rad1 c4 19. f3 Nd7 20. Bd6 Rfd8 21. Ne3 Bf8 22. Bxf8 Kxf8 23. Rd2 b5 24. Red1 Ke7 25. Kf2 Nc5 26. Ng4 b4 27. Ne5 bxc3 28. bxc3 Na4 29. Rc1 f6 30. Nxd3 cxd3 31. c4 Rd4 32. Bf1 Rcxc4 33. Rxc4 Rxc4 34. Bxd3 Rc3 35. Ke2 e5 36. Bb5 Nc5 37. Rd5 Ne6 38. Rd7+ Kf8 39. Bd3 Nd4+ 40. Ke3 h5 41. f4 Ra3 42. fxe5 fxe5 43. Rd5 Nc2+ 44. Kd2 Nb4 45. Bc4 Nxd5 46. Bxd5 Ke7 47. Ke2 g5 48. Kf2 h4 49. Kg2 hxg3 50. hxg3 g4 51. Kf2 Kd6 52. Kg2 Kc5 53. Be6 Kd4 54. Kf2 Kxe4 0-1

[Event "Wch Blitz (Women)"]
[Site "Warsaw"]
[Date "2021.12.29"]
[Round "8"]
[White "Jakubowska, Anna"]
[Black "Zairbek Kyzy, Begimay"]
[Result "1-0"]
[WhiteElo "2106"]
[BlackElo "1963"]
[PlyCount "43"]
[EventDate "2021.12.29"]
[EventType "swiss (blitz)"]
[EventRounds "17"]
[EventCountry "POL"]
[SourceTitle "CBM 205 Extra"]
[Source "ChessBase"]
[SourceDate "2022.01.31"]
[SourceVersion "1"]
[SourceVersionDate "2022.01.31"]
[SourceQuality "1"]

1. e4 c6 2. d4 d5 3. e5 Bf5 4. Nf3 e6 5. Be2 c5 6. c3 Nc6 7. 0-0 cxd4 8. cxd4 Qb6 9. Nc3 Bg4 10. Na4 Qd8 11. Be3 Nge7 12. Nh4 h5 13. Nc5 b6 14. Nb7 Qc7 15. Nd6+ Kd7 16. Nxf7 Rg8 17. Rc1 Qb7 18. Nd6 Qb8 19. f3 Bf5 20. Nhxf5 Nxf5 21. Nxf5 exf5 22. Bb5 1-0

[Event "Wch Blitz (Women)"]
[Site "Warsaw"]
[Date "2021.12.29"]
[Round "2"]
[White "Kashlinskaya, Alina"]
[Black "Zairbek Kyzy, Begimay"]
[Result "0-1"]
[WhiteElo "2490"]
[BlackElo "1963"]
[PlyCount "76"]
[EventDate "2021.12.29"]
[EventType "swiss (blitz)"]
[EventRounds "17"]
[EventCountry "POL"]
[SourceTitle "CBM 205 Extra"]
[Source "ChessBase"]
[SourceDate "2022.01.31"]
[SourceVersion "1"]
[SourceVersionDate "2022.01.31"]
[SourceQuality "1"]

1. d4 d5 2. c4 e6 3. Nc3 Nf6 4. cxd5 exd5 5. Bg5 Be7 6. e3 c6 7. Bd3 0-0 8. Qc2 h6 9. Bh4 Nbd7 10. Nf3 Re8 11. 0-0 Nf8 12. Rae1 Ne4 13. Bxe7 Qxe7 14. Bxe4 dxe4 15. Nd2 f5 16. f3 exf3 17. Nxf3 Be6 18. e4 fxe4 19. Rxe4 Qd7 20. Ne5 Qc8 21. Ref4 c5 22. d5 Bd7 23. Ng6 Bf5 24. Rxf5 Nxg6 25. Ne4 Qd7 26. Rf7 Qg4 27. Qc3 Ne5 28. Nd6 Nxf7 29. Rxf7 Re2 30. g3 Rd8 31. Nxb7 Rxd5 32. Rf1 Qe4 33. Qf3 Qxf3 34. Rxf3 Rd1+ 35. Rf1 Rxf1+ 36. Kxf1 Rxb2 37. a4 c4 38. Nd6 c3 0-1

[Event "Wch Blitz (Women)"]
[Site "Warsaw"]
[Date "2021.12.29"]
[Round "6"]
[White "Paramzina, Anastasya"]
[Black "Zairbek Kyzy, Begimay"]
[Result "1-0"]
[WhiteElo "2260"]
[BlackElo "1963"]
[PlyCount "95"]
[EventDate "2021.12.29"]
[EventType "swiss (blitz)"]
[EventRounds "17"]
[EventCountry "POL"]
[SourceTitle "CBM 205 Extra"]
[Source "ChessBase"]
[SourceDate "2022.01.31"]
[SourceVersion "1"]
[SourceVersionDate "2022.01.31"]
[SourceQuality "1"]

1. e4 c6 2. d4 d5 3. exd5 cxd5 4. Bd3 Nc6 5. c3 Nf6 6. h3 g6 7. Nf3 Bf5 8. Bb5 a6 9. Bxc6+ bxc6 10. 0-0 Bg7 11. Bf4 0-0 12. Nbd2 Qb6 13. Nb3 Nd7 14. Re1 Rfe8 15. Qd2 a5 16. Rad1 a4 17. Nc1 a3 18. b3 Rac8 19. b4 Qb7 20. Nb3 Nb6 21. Na5 Qa6 22. Ne5 Na4 23. Bh6 Bh8 24. g4 Be6 25. f4 Nb2 26. Ra1 Bxe5 27. fxe5 c5 28. dxc5 Rxc5 29. bxc5 Qxa5 30. Qd4 Nc4 31. Rab1 Nb2 32. Qb4 Qc7 33. Qb6 Qc8 34. c6 Bxg4 35. c7 Bxh3 36. e6 Bxe6 37. Bf4 Nd3 38. Rxe6 fxe6 39. Qb8 Nxf4 40. Qxc8 Rxc8 41. Rb8 Kf7 42. Rxc8 Ne2+ 43. Kf2 Nxc3 44. Ra8 Ne4+ 45. Ke3 Nd6 46. Rd8 Nc4+ 47. Ke2 Nb6 48. Rb8 1-0

[Event "Cheliabinsk Panchenko Memorial op-B"]
[Site "Cheliabinsk"]
[Date "2021.09.16"]
[Round "4"]
[White "Zairbek Kyzy, Begimay"]
[Black "Yakubbaeva, Nilufar"]
[Result "1-0"]
[WhiteElo "1963"]
[BlackElo "2250"]
[PlyCount "95"]
[EventDate "2021.09.13"]
[EventType "swiss"]
[EventRounds "10"]
[EventCountry "RUS"]
[SourceTitle "CBM 204 Extra"]
[Source "ChessBase"]
[SourceDate "2021.11.30"]
[SourceVersion "1"]
[SourceVersionDate "2021.11.30"]
[SourceQuality "1"]

1. e4 c6 2. Nc3 d5 3. d3 e5 4. Qf3 Be6 5. Qg3 Nd7 6. Nf3 d4 7. Nd1 f6 8. Be2 Ne7 9. Nh4 Bf7 10. c3 dxc3 11. bxc3 g6 12. 0-0 Bg7 13. f4 exf4 14. Bxf4 0-0 15. Bc7 Qe8 16. Ne3 Rc8 17. Bd6 c5 18. Nhf5 Nxf5 19. exf5 Ne5 20. d4 cxd4 21. cxd4 Nc6 22. fxg6 Bxg6 23. Bc4+ Kh8 24. Bxf8 Qxf8 25. Rad1 f5 26. d5 Nd4 27. Bd3 Rc3 28. Kh1 Qe8 29. Qg5 Rxd3 30. Rxd3 f4 31. Ra3 fxe3 32. Rxe3 Qc8 33. d6 Nf5 34. Rd3 Qd7 35. Qf4 h6 36. Rd5 Ne7 37. Rd2 Nc6 38. h3 Kh7 39. a4 h5 40. Rd5 a6 41. Re1 Bh6 42. Qg3 Qf7 43. Qf3 Qd7 44. g4 hxg4 45. Qxg4 Qf7 46. Qg2 Qd7 47. Rg1 Kh8 48. Rh5 1-0

[Event "Cheliabinsk Panchenko Memorial op-B"]
[Site "Cheliabinsk"]
[Date "2021.09.15"]
[Round "3"]
[White "Kozlova, Olga1111"]
[Black "Zairbek Kyzy, Begimay"]
[Result "0-1"]
[WhiteElo "1517"]
[BlackElo "1963"]
[PlyCount "110"]
[EventDate "2021.09.13"]
[EventType "swiss"]
[EventRounds "10"]
[EventCountry "RUS"]
[SourceTitle "CBM 204 Extra"]
[Source "ChessBase"]
[SourceDate "2021.11.30"]
[SourceVersion "1"]
[SourceVersionDate "2021.11.30"]
[SourceQuality "1"]

1. d4 Nf6 2. c4 c5 3. d5 b5 4. cxb5 a6 5. bxa6 Bxa6 6. Nc3 d6 7. g3 g6 8. Bg2 Bg7 9. Rb1 0-0 10. Nf3 Nbd7 11. 0-0 Ne8 12. Qc2 Nc7 13. Rd1 Nb6 14. e4 f5 15. exf5 Rxf5 16. Nh4 Rf7 17. Ne4 Bc4 18. Ng5 Rf6 19. b3 Bxd5 20. Bxd5+ Ncxd5 21. Bb2 Rxa2 22. Rxd5 Nxd5 23. Qe4 Rxb2 24. Rxb2 Nb6 25. Re2 e5 26. f4 exf4 27. Qc6 Bf8 28. Qb7 Nd7 29. Qd5+ Kg7 30. Ne6+ Rxe6 31. Rxe6 fxg3 32. hxg3 Be7 33. Nf3 Nf8 34. Re2 Qd7 35. Ng5 Bf6 36. Ne4 Be5 37. Nxc5 Qg4 38. Qe4 Qxg3+ 39. Rg2 Qc3 40. Nd3 Qa1+ 41. Qe1 Qd4+ 42. Nf2 Ne6 43. Qc1 Qa7 44. Rg4 Bd4 45. Qe1 h5 46. Re4 Qf7 47. Kf1 Be5 48. b4 Ng5 49. Re3 Qc4+ 50. Nd3 h4 51. Qe2 Bg3 52. Re7+ Kh6 53. Re8 Qf7+ 54. Kg2 Qd5+ 55. Kg1 Nh3+ 0-1

[Event "Cheliabinsk Panchenko Memorial op-B"]
[Site "Cheliabinsk"]
[Date "2021.09.14"]
[Round "2"]
[White "Zairbek Kyzy, Begimay"]
[Black "Leonova, Ameliya"]
[Result "1/2-1/2"]
[WhiteElo "1963"]
[BlackElo "1794"]
[PlyCount "125"]
[EventDate "2021.09.13"]
[EventType "swiss"]
[EventRounds "10"]
[EventCountry "RUS"]
[SourceTitle "CBM 204 Extra"]
[Source "ChessBase"]
[SourceDate "2021.11.30"]
[SourceVersion "1"]
[SourceVersionDate "2021.11.30"]
[SourceQuality "1"]

1. e4 c5 2. d4 cxd4 3. c3 Nf6 4. e5 Nd5 5. Nf3 Nc6 6. cxd4 d6 7. Bc4 Nb6 8. Bb5 dxe5 9. Nxe5 Bd7 10. Nxd7 Qxd7 11. 0-0 e6 12. Nc3 Be7 13. Be3 0-0 14. Rc1 Rac8 15. Qf3 Nd5 16. Rfd1 Rfd8 17. Bd3 Nxc3 18. bxc3 Bf6 19. h4 Qe7 20. h5 Bg5 21. Qe4 g6 22. hxg6 hxg6 23. Qg4 Bxe3 24. fxe3 Kg7 25. Rf1 Rd5 26. Qe2 Rh8 27. Rf4 Rdh5 28. Rcf1 Nd8 29. e4 Qg5 30. Qg4 Qxg4 31. Rxg4 Ra5 32. Bc4 Nc6 33. Rgf4 Nd8 34. e5 Ra3 35. R4f3 Rh4 36. Bb3 b5 37. d5 exd5 38. Bxd5 Rh5 39. Re1 Rg5 40. Re2 Ra4 41. Rd3 Ne6 42. Bxe6 fxe6 43. Rd7+ Kh6 44. Rd6 Ra3 45. Rxe6 Rxc3 46. Re8 Rc5 47. Re7 a5 48. Kf2 b4 49. Kf3 a4 50. Re1 Rf5+ 51. Ke4 b3 52. Kd4 Rc2 53. axb3 axb3 54. Rb7 b2 55. Rh1+ Kg5 56. e6 Rf4+ 57. Kd5 Rc1 58. e7 Rxh1 59. e8Q Rd1+ 60. Kc5 Rc1+ 61. Kd5 Rd1+ 62. Kc6 Rc1+ 63. Kd5 1/2-1/2

[Event "Online Olym Div2 A"]
[Site "Chess.com INT"]
[Date "2021.09.04"]
[Round "7.4"]
[White "Zairbek Kyzy, Begimay"]
[Black "Frayna, Janelle Mae"]
[Result "0-1"]
[WhiteElo "1921"]
[BlackElo "2190"]
[PlyCount "102"]
[EventDate "2021.09.02"]
[EventType "team (rapid)"]
[EventRounds "9"]
[EventCountry "USA"]
[SourceTitle "CBM 204 Extra"]
[Source "ChessBase"]
[SourceDate "2021.11.30"]
[SourceVersion "1"]
[SourceVersionDate "2021.11.30"]
[SourceQuality "1"]
[WhiteTeam "Kyrgyzstan"]
[BlackTeam "Philippines"]
[WhiteTeamCountry "KGZ"]
[BlackTeamCountry "PHI"]

1. e4 c6 2. Nf3 d5 3. e5 c5 4. d4 cxd4 5. Nxd4 Nc6 6. Bb5 Bd7 7. Bxc6 bxc6 8. 0-0 e6 9. f4 c5 10. Ne2 Ne7 11. Ng3 g6 12. c4 Bg7 13. Nc3 Bc6 14. Qe2 0-0 15. Rd1 Qb6 16. b3 Rfd8 17. Bd2 Qb7 18. Rab1 a5 19. h4 h5 20. cxd5 Bxd5 21. Nxd5 Rxd5 22. Ne4 Nf5 23. Be1 Rd4 24. Rxd4 cxd4 25. Qd3 Qd5 26. Rc1 a4 27. Rc5 Qd8 28. b4 Bf8 29. Rc4 Rc8 30. Nf6+ Kg7 31. g4 hxg4 32. h5 Rxc4 33. Qxc4 d3 34. Bd2 Qd4+ 35. Qxd4 Nxd4 36. Kf2 Nf3 37. Bc3 d2 38. Ke2 g3 39. h6+ Kh8 40. Bxd2 Nxd2 41. Ng4 Bxb4 42. a3 Ba5 43. Ne3 Ne4 44. Kf3 Nc5 45. Kxg3 Kh7 46. Nc4 Bc7 47. Kf3 Kxh6 48. Ke3 Nb3 49. Kd3 g5 50. fxg5+ Kxg5 51. Nd6 Bxd6 0-1